000 00842nas a2200277 4500
001 BR2013004055
003 BR-BrBNA
005 20231205122525.0
007 ta
008 230509b bl.|||p| |||| 00| 00por d
040 _aBR-BrBNA
_bpor
_cBiblioteca Nacional de Agricultura
041 _a(Pt)
072 _aH20
100 1 _aSantos, M.C. dos
100 1 _aFurtado, E.L.
100 1 _aSanhueza, R.M.V.
245 1 _aControle da sarna da macieira com utilização da Tabela de Mills, na região de Vacaria- RS
650 _aMAÇÃ
650 _aSARNA DE PLANTA
650 _aFUNGO
650 _aPULVERIZAÇÃO
650 _aRIO GRANDE DO SUL
773 0 _tSumma Phytopathologica (Brazil)
_xISSN 0100-5405
_g(Jul-Sep 2005), v. 31(3) p. 254-260
_wBR2013004055
909 _a202311
_bLúcia
_c55
_dLúcia Elande
942 _2AGRIS
_n0
_cANA
999 _c229109
_d229109